000 00675nam a2200205Ii 4500
003 JO-AjNU
008 230605s9999||||xx |||||||||||||| ||und||
017 _a2006/8/2798
040 _aJO-AjNU
_bara
_erda
_cJO-AjNU
041 _aara
050 1 4 _aQA76.L84 2004
100 3 _aحمدان،علاء علي/ م مشارك صالح محمد سعادة,
_eauthor
_929802
245 0 0 _aلغات البرمجة
264 3 1 _aعمان:مكتبةالمجتمع العربي ، 2004
300 _a276ص
336 _atext
_btxt
_2rdacontent
337 _aunmediated
_bn
_2rdamedia
338 _avolume
_bnc
_2rdacarrier
650 4 _aالحاسبات الالية -لغات
_929803
999 _aA11735
_c15303
_d15303